|
|
|
|
| LEADER |
00000nab a2200000 a 4500 |
| 001 |
vtls009147717 |
| 003 |
SK-MaSNL |
| 005 |
20260305001708.0 |
| 008 |
250507c1955 xo ||||||o| ||00 b|slo |
| 015 |
|
|
|a SNBRB2007/10
|2 snkbucl
|
| 035 |
|
|
|a (uuid)3eacc511-c68e-4621-9c6f-692120ff3aa3
|
| 035 |
|
|
|a urn:nbn:sk:snk-abc26k
|
| 035 |
|
|
|a (urnnbn)urn:nbn:sk:snk:ar-0073g2
|
| 038 |
|
|
|a SNKBUCL
|
| 040 |
|
|
|a SNKBUCL
|b slo
|c SNKBUCL
|e AACR2
|
| 041 |
0 |
|
|a slo
|
| 044 |
|
|
|a xo
|c SK
|
| 080 |
|
|
|a 811.162.4:371.671
|x (048)
|2 1997
|
| 080 |
|
|
|a 371.671:811.162.4
|x (048)
|2 1997
|
| 080 |
|
|
|a 373.5
|x (437.6)
|2 1997
|
| 100 |
1 |
|
|a Betáková, Valéria,
|d 1920-1990
|4 aut
|9 107285
|
| 245 |
1 |
0 |
|a Poznámky k Učebnici jazyka slovenského pre štvorročné odborné školy
|c Valéria Betáková
|
| 650 |
0 |
7 |
|a slovenčina
|2 snkbucl
|9 1350
|
| 650 |
0 |
7 |
|a učebnice slovenčiny
|2 snkbucl
|9 927751
|
| 650 |
0 |
7 |
|a odborné školy štvorročné
|2 snkbucl
|9 1257945
|
| 655 |
|
7 |
|a recenzie
|2 snkbucl
|9 21907
|
| 773 |
0 |
|
|t Slovenská reč
|g Roč. XX, č. 5 (1955), s. 313-323
|
| 787 |
0 |
8 |
|i Rec.:
|t Učebnica jazyka slovenského pre štvorročné odborné školy
|d Bratislava : Štátne pedagogické nakladateľstvo, 1954
|
| 850 |
|
|
|a Slovenská národná knižnica
|
| 852 |
|
|
|a Slovenská národná knižnica
|
| 954 |
|
|
|a odborná, vedecká literatúra pôvodná (slovenská)
|2 lita
|
| 958 |
|
|
|a article15
|
| 958 |
|
|
|a OND
|
| 958 |
|
|
|a RC
|
| 958 |
|
|
|a EUIPO
|
| 999 |
|
|
|c 3220737
|d 3222667
|